Vom Großen Oktober ins Leben gerufen (Запись № 9546764)

Подробности
000 -МАРКЕР
контрольное поле 01290nam0a22003131 4500
001 - ИДЕНТИФИКАТОР ЗАПИСИ
контрольное поле RU\NLR\INFOCOMM_116\5000050194
005 - ИДЕНТИФИКАТОР ВЕРСИИ
контрольное поле 20250613085736.0
035 ## - ДРУГИЕ СИСТЕМНЫЕ НОМЕРА
Идентификатор записи (NLR Aleph) 009041882
100 ## - ДАННЫЕ ОБЩЕЙ ОБРАБОТКИ
Данные общей обработки 20080728d1976 |||y0rusy50 ca
101 0# - ЯЗЫК РЕСУРСА
Язык текста, звукозаписи и т.д. немецкий
-- русский
-- татарский
102 ## - СТРАНА ПУБЛИКАЦИИ ИЛИ ПРОИЗВОДСТВА
Страна публикации российская федерация
105 ## - ПОЛЕ КОДИРОВАННЫХ ДАННЫХ: ТЕКСТОВЫЕ МАТЕРИАЛЫ, МОНОГРАФИЧЕСКИЕ
Кодированные данные о монографическом текстовом документе ac z 000zy
200 1# - ЗАГЛАВИЕ И СВЕДЕНИЯ ОБ ОТВЕТСТВЕННОСТИ
Основное заглавие Vom Großen Oktober ins Leben gerufen
Параллельное заглавие Рожденные Великим Октябрем
Первые сведения об ответственности Sch. A. Achmadullin
Последующие сведения об ответственности Min. für Volksbildung der RSFSR, Kasaner Staatliche päd. Hochschule
Язык параллельного заглавия русский
210 ## - ПУБЛИКАЦИЯ, РАСПРОСТРАНЕНИЕ И ДР.
Место издания, распространения и т.д. Kasan
Имя издателя, распространителя и т. д. Tatarischer Bücherverl.
Дата издания, распространения и т.д. 1976
215 ## - ФИЗИЧЕСКАЯ ХАРАКТЕРИСТИКА
Специфическое обозначение материала и объем 100 с.
Другие сведения о физической характеристике ил., портр.
Размеры 20 см
300 ## - ОБЩИЕ ПРИМЕЧАНИЯ
Текст примечания Текст на нем., татар. и рус. яз.
300 ## - ОБЩИЕ ПРИМЕЧАНИЯ
Текст примечания Авт. также на рус. яз.: Ш. А. Ахмадуллин
300 ## - ОБЩИЕ ПРИМЕЧАНИЯ
Текст примечания На обл. авт. и загл. только на рус. яз.
510 1# - ПАРАЛЛЕЛЬНОЕ ЗАГЛАВИЕ
Связь между полями z45790
Параллельное заглавие Рожденные Великим Октябрем
Язык заглавия русский
686 ## - ИНДЕКСЫ ДРУГИХ КЛАССИФИКАЦИЙ
Индекс Я278-1600татар
Код системы
700 #1 - ИМЯ ЛИЦА - ПЕРВИЧНАЯ ОТВЕТСТВЕННОСТЬ
Начальный элемент ввода Achmadullin
Часть имени, кроме начального элемента ввода S. A.
Расширение инициалов личного имени Scharaf Achmadullovič
Код отношения Автор
790 #1 - ИМЯ ЛИЦА - АЛЬТЕРНАТИВНАЯ ФОРМА
Связь между полями z45510
Начальный элемент ввода Ахмадуллин
Часть имени, кроме начального элемента ввода Ш.А.
Расширение инициалов личного имени Шараф Ахмадуллович
801 #1 - ИСТОЧНИК ЗАПИСИ
Страна российская федерация
Организация NLR
Дата составления 20080728
801 #0 - ИСТОЧНИК ЗАПИСИ
Страна российская федерация
Организация NLR
Правила каталогизации PSBO
852 ## - МЕСТОНАХОЖДЕНИЕ И ШИФР ХРАНЕНИЯ
Идентификатор организации NLR
Шифр хранения (Call Number) Я61 Д-3/291
942 ## - ДОПОЛНИТЕЛЬНЫЕ ЭЛЕМЕНТЫ ЗАПИСИ (АБИС)
Тип экземпляра АБИС Книга
980 ## - КОЛЛЕКЦИЯ
Название коллекции Национальная библиография
Экземпляры
Тип экземпляра Дата поступления Библиотека постоянного хранения Библиотека текущего хранения Место хранения Шифр хранения Штрих-код Статус не для выдачи
Книга 26.10.2013 РНБ (Московский) РНБ (Московский) Иностранный книжный фонд Я61 Д-3/291 9041882-10